LaLiga teams by Cities - Statistics

General Stats
  • This quiz has been taken 101 times
  • The average score is 17 of 20
Answer Stats
Picture Answer % Correct
Barcelona
100%
Madrid
100%
Girona
98%
Madrid
98%
Valencia
98%
Barcelona
97%
Bilbao
97%
Sevilla
96%
Getafe
95%
Leganes
92%
Vigo
91%
Las Palmas
90%
Villarreal
87%
Sevilla
82%
Valladolid
81%
Madrid
77%
San Sebastian
68%
Palma
61%
Pamplona
61%
Vitoria-Gasteiz
48%
No matching quizzes found
Score Distribution
Percent of People with Each Score
Percentile by Number Answered
Your Score History
You have not taken this quiz